000 00304nam a22001337a 4500
008 170310b xxu||||| |||| 00| 0 eng d
020 _a9781455739318
041 _aeng
080 _a611
100 _a7
101 _aSHM
245 _aRHEUMATIC DISEASE CLINICS NORTH AMEICA
_cEPSTEIN.S
942 _2udc
_cBK
999 _c7418
_d7418